Forgotten Friends : (Record no. 75097)

MARC details
000 -LEADER
fixed length control field 00871nam a22002417a 4500
005 - DATE AND TIME OF LATEST TRANSACTION
control field 20140606170159.0
010 ## - LCCN (DPL NO)
LC control number ENG-106972
020 ## - INTERNATIONAL STANDARD BOOK NUMBER
International Standard Book Number 9780198089223
Terms of availability 1025.00
020 ## - INTERNATIONAL STANDARD BOOK NUMBER
International Standard Book Number 0198089228
Terms of availability 1025.00
035 ## - SYSTEM CONTROL NUMBER
System control number EN-90505
035 ## - SYSTEM CONTROL NUMBER
System control number B-528937
037 ## - SOURCE OF ACQUISITION
Source of stock number/acquisition DBAD/PUB
037 ## - SOURCE OF ACQUISITION
Source of stock number/acquisition Mallika Books
Stock number dpl
082 ## - DEWEY DECIMAL CLASSIFICATION NUMBER
Classification number 250.64
100 1# - MAIN ENTRY--PERSONAL NAME
Personal name Chatterjee, Indrani
245 10 - TITLE STATEMENT
Title Forgotten Friends :
Statement of responsibility, etc by Indrani Chatterjee
Remainder of title monks, marriages, and memories of Northeast India /
260 ## - PUBLICATION, DISTRIBUTION, ETC. (IMPRINT)
Place of publication, distribution, etc New Delhi
Name of publisher, distributor, etc Oxford University Press
Date of publication, distribution, etc 2013
270 ## - ADDRESS
Address YMCA Library Building, 1 Jai Singh Road
City New Delhi
Postal code 110001
300 ## - PHYSICAL DESCRIPTION
Extent xiv,451p.
Dimensions 22cm(Hb)
500 ## - GENERAL NOTE
General note Includes bibliographical references and index
942 ## - ADDED ENTRY ELEMENTS (KOHA)
Source of classification or shelving scheme Dewey Decimal Classification
Item type English Books
Call number suffix CHA
Classification part 250.64
Holdings
Withdrawn status Lost status Not for loan Collection code Home library Current library Date acquired Source of acquisition Cost, normal purchase price Full call number Barcode Copy number Cost, replacement price Koha item type
      Non-fiction Central Library Central Library 06/06/2014 Mallika Books/74/29.10.2013/33/10.10.2013/02.12.2013 1025.00 250.64 CHA B-528937 1 1025.00 English Books
    Not For Loan Non-fiction D.B.Act.Division D.B.Act.Division 03/05/2013 DBAD/PUB 1025.00 230.64 CHA EN-90505 1 1025.00 English Books

© Delhi Public Library
Hit Counter
free hit counter